000
00295nam a22001217a 4500
999
_c
12276
_d
12276
020
_a
9781780172415
082
_a
658.403
100
_a
Michael G. Hall
245
_a
Problem Management
260
_a
india
_b
VIVA Books
_c
2016
300
_a
175 pages.
_b
6.7 x 0.4 x 9.6 inches
942
_c
MANAGEMENT